| 000 -LEADER |
| fixed length control field |
01067nam a22002297a 4500 |
| 005 - DATE AND TIME OF LATEST TRANSACTION |
| control field |
20241205132642.0 |
| 008 - FIXED-LENGTH DATA ELEMENTS--GENERAL INFORMATION |
| fixed length control field |
241205b ||||| |||| 00| 0 eng d |
| 020 ## - INTERNATIONAL STANDARD BOOK NUMBER |
| International Standard Book Number |
9781529119831 |
| 040 ## - CATALOGING SOURCE |
| Transcribing agency |
KH8 |
| 082 ## - DEWEY DECIMAL CLASSIFICATION NUMBER |
| Classification number |
FIC PAT |
| 100 ## - MAIN ENTRY--PERSONAL NAME |
| Personal name |
Patterson, James |
| Relator term |
Author |
| 245 ## - TITLE STATEMENT |
| Title |
Treasure hunters : secret of the forbidden city / |
| Statement of responsibility, etc. |
James Patterson |
| 260 ## - PUBLICATION, DISTRIBUTION, ETC. |
| Place of publication, distribution, etc. |
London, |
| Name of publisher, distributor, etc. |
Penguin Random House, |
| Date of publication, distribution, etc. |
2015 |
| 300 ## - PHYSICAL DESCRIPTION |
| Extent |
419 pages : |
| Other physical details |
illustrations, |
| Dimensions |
20 cm. |
| Accompanying material |
1 map ; |
| 440 ## - SERIES STATEMENT/ADDED ENTRY--TITLE |
| Title |
Treasure hunters |
| Volume/sequential designation |
Book 3 |
| 520 ## - SUMMARY, ETC. |
| Summary, etc. |
Bick and Beck Kidd are desperately trying to secure the ancient Chinese artifact that will buy their mother's freedom from renegade pirates. But when the kidnappers force them to locate an even greater treasure - priceless paintings stolen by Nazis, the Kidds must rely on their own cunning and experience to outwit the criminals, all while their mom's life is on the line |
| 521 ## - TARGET AUDIENCE NOTE |
| Target audience note |
<br/>Fiction |
| 650 ## - SUBJECT ADDED ENTRY--TOPICAL TERM |
| Topical term or geographic name entry element |
Adventure stories |
| 650 ## - SUBJECT ADDED ENTRY--TOPICAL TERM |
| Topical term or geographic name entry element |
Brothers and sisters |
| Form subdivision |
Fiction |
| 700 ## - ADDED ENTRY--PERSONAL NAME |
| Personal name |
Neufeld , Juliana |
| Relator term |
Illustrator |
| 942 ## - ADDED ENTRY ELEMENTS (KOHA) |
| Source of classification or shelving scheme |
|
| Koha item type |
Books - Fiction |